000 00641nam a2200205Ii 4500
003 JO-AjNU
008 230605s9999||||xx |||||||||||||| ||und||
017 _a2006/4/995
040 _aJO-AjNU
_bara
_erda
_cJO-AjNU
041 _aara
050 1 4 _aLC4704.J3242 2007
100 3 _aجدوع،عصام,
_eauthor
_929310
245 0 0 _aصعوبات التعلم
264 3 1 _aعمان:دار اليازوري العلمية للنشر والتوزيع،2007
300 _a192ص
336 _atext
_btxt
_2rdacontent
337 _aunmediated
_bn
_2rdamedia
338 _avolume
_bnc
_2rdacarrier
650 4 _a صعوبات التعلم
_929311
999 _aA11478
_c15046
_d15046